| 000 | 01155nam a22002537a 4500 | ||
|---|---|---|---|
| 001 | 137387 | ||
| 003 | UA-OsUOA | ||
| 005 | 20201013115138.0 | ||
| 008 | 20190515b un ||||| |||| 00| 0 ukr d | ||
| 020 | _a9786176423911 | ||
| 040 |
_aUA-OsUOA _bukr _cUA-OsUOA _dUA-OsUOA |
||
| 041 | _aukr | ||
| 080 | _a94(477)"1932/1933" | ||
| 090 |
_a94(477)"1932/1933" _bТ67 |
||
| 100 | _aЛапчинська Н. В. | ||
| 245 |
_a33 запитання і відповіді про Голодомор-геноцид _cН. В. Лапчинська |
||
| 260 |
_aДрогобич _bКоло _c2018 |
||
| 300 |
_a88 с. _eіл. |
||
| 520 | _aНауково-популярне видання, адресоване вчителям, студентам, краєзнавцям і усім, хто хоче дізнатися про передумови й політико-організаційні механізми вчинення у 1932-1933 роках злочину геноциду української нації. | ||
| 650 | 7 |
_a94 Історія _2UDC |
|
| 942 |
_cBK _2udc |
||
| 955 | _a4 | ||
| 999 |
_c420454 _d420454 |
||